000 00684nam a22001577a 4500
999 _c61182
_d61182
005 20231227170658.0
008 231227s1935 ru ||||| |||| 00| 0 rus d
041 _arus
080 _a94(3) И-32
245 _aИз истории материального производства античного мира /
_c М. С. Альтман, Б.Н. Граков, О.О. Крюгер, С.А. Лясковский.
264 _aМосква-Ленинград :
_bОГИЗ,
_c1935.
300 _a341 стр.:
_bИлл. ;
_c23 см.
653 _aᲫველი მსოფლიო
653 _aᲣძველესი საბერძნეთი
942 _2udc
_cᲬᲘᲒᲜᲘ